[Event "ESP-ch rapid"]
[Site "Linares"]
[Date "2019.08.24"]
[Round "9"]
[White "Diaz Castro, Sergio"]
[Black "Puerto Delgado, Pedro"]
[Result "1-0"]
[WhiteElo "2290"]
[BlackElo "1957"]
[PlyCount "43"]
[EventDate "2019.08.24"]
[EventType "swiss (rapid)"]
[EventRounds "9"]
[EventCountry "ESP"]
[SourceTitle "EXT 2020"]
[Source "ChessBase"]
[SourceDate "2019.10.17"]
[SourceVersion "1"]
[SourceVersionDate "2019.10.17"]
[SourceQuality "1"]

1. e4 e5 2. Nf3 Nc6 3. d4 exd4 4. Bc4 Nf6 5. e5 d5 6. Bb5 Ne4 7. Nxd4 Bc5 8. 0-0 Bxd4 9. Qxd4 0-0 10. Bxc6 bxc6 11. f3 Ng5 12. Nc3 Bf5 13. Qf4 Nxf3+ 14. Rxf3 Bxc2 15. Be3 Rb8 16. Bc5 Re8 17. Qxf7+ Kh8 18. Raf1 h6 19. e6 d4 20. Bf8 Qg5 21. Rg3 Rxf8 22. Qxf8+ 1-0